| 000 | 004590000a22001690004500 | ||
|---|---|---|---|
| 003 | MACL | ||
| 005 | 20150704121901.0 | ||
| 008 | 150704b xxu||||| |||| 00| 0 eng d | ||
| 040 |
_aMACL _cMACL |
||
| 082 | _a300/SAU | ||
| 100 |
_aSau, Sachinandan _9525 |
||
| 245 |
_aDatabase For Planning and Development of West Bengal _bVol 2 |
||
| 260 |
_bFirma Klm Private Limited _c2008 _aKolkata |
||
| 350 | _a699 | ||
| 650 |
_aSociology _919 |
||
| 942 |
_cBK _k300/SAU _2ddc |
||
| 999 |
_c42895 _d42895 |
||